000 01574cam a22004214i 4500
003 PE-LiUPU
005 20250731172904.0
008 150706s r 000 0 d
020 _a0801097401
020 _a9780801097409
035 _a(Sirsi) a166294
040 _aPE-LiUPU
_bspa
_cPE-LiUPU
_erda
049 _aPRUA
082 0 4 _a266.001
_bT4
_223
245 1 4 _aThe mission of the church :
_bfive views in conversation /
_cedited by Craig Ott.
264 1 _aGrand Rapids, Michigan :
_bBaker Academic, a division of Baker Publishing Group,
_c2016.
300 _a181 páginas ;
_c24 centímetros.
336 _atext
_2rdacontent
337 _aunmediated
_2rdamedia
338 _avolume
_2rdacarrier
505 0 _tA prophetic dialogue approach /
_rStephen B. Bevans --
_tA multicultural and translational approach /
_rDarrell L. Guder --
_tAn integral transformation approach /
_rRuth Padilla DeBorst --
_tA sacramental vision approach /
_rEdward Rommen --
_tAn evangelical kingdom community approach /
_rEd Stetzer.
526 _aSEG42
526 _aSEG41
526 _aSEG40
526 _aSEG39
526 _aP94
526 _aP87
526 _aP86
526 _aP85
526 _aP77
526 _aP76
526 _aP35
650 0 4 _aDoctrina Teológica.
596 _a1
942 _2ddc
_cBOOK
999 _a266.001 T4
_wLC
_c15036
_i75557
_d15036
_f2021-11-10
_g5
_lCCODEBUL1
_mBUL
_p10.50
_q1
_r0
_sY
_tBOOK
_u2017-1-19
_xTEOLOGIA
_PP85
_0COMPRA
_o.STAFF. Colección Teología
980 _81
_gALBERTO SANCHEZ Responsable de Automatización